书目信息 |
| 题名: |
地空导弹
|
|
| 作者: | 周伯金 , 于立中 , 李明 编 | |
| 分册: | ||
| 出版信息: | 战士出版社 1980 |
|
| 页数: | 80页 | |
| 开本: | 20cm | |
| 丛书名: | 军事科技知识普及丛书 | |
| 单 册: | ||
| 中图分类: | E927 | |
| 科图分类: | ||
| 主题词: | 武器--军事技术 , 军用器材--军事技术 | |
| 电子资源: | ||
| ISBN: | ||
| 000 | 00696nam0 2200241 450 | |
| 001 | 0657098077 | |
| 005 | 20060731155255.93 | |
| 010 | @dCNY0.21 | |
| 100 | @a20060731d1980 km y0chiy0120 ea | |
| 101 | 0 | @achi |
| 200 | 1 | @a地空导弹@Adi kong dao dan@f周伯金,于立中,李明等编@Fzhou bo jin,yu li zhong,li ming deng bian |
| 210 | @c战士出版社@d1980 | |
| 215 | @a80页@d20cm | |
| 225 | 2 | @a军事科技知识普及丛书 |
| 410 | 0 | @12001 @a军事科技知识普及丛书 |
| 606 | 0 | @a武器@x军事技术 |
| 606 | 0 | @a军用器材@x军事技术 |
| 690 | @aE927@v3 | |
| 701 | 0 | @a周伯金@Azhou bo jin@4编 |
| 701 | 0 | @a于立中@Ayu li zhong@4编 |
| 701 | 0 | @a李明@Ali ming@4编 |
| 801 | 0 | @aCN@bPFT@c20060731 |
| 905 | @a10447@dE927@e14 | |
| 地空导弹/周伯金,于立中,李明等编.-战士出版社,1980 |
| 80页;20cm.-(军事科技知识普及丛书) |
| ISBN :CNY0.21 |
| ● |
| 相关链接 |
|
|
|
|
正题名:地空导弹
索取号:E927/14
 
预约/预借
| 序号 | 登录号 | 条形码 | 馆藏地/架位号 | 状态 | 备注 |
| 1 | 0440939 | 204409390 | 密集书库/ [索取号:E927/14] | 在馆 | |
| 2 | 0440940 | 204409407 | 密集书库/ [索取号:E927/14] | 在馆 | |
| 3 | 0440941 | 204409416 | 密集书库/ [索取号:E927/14] | 在馆 | |
| 4 | 0440942 | 204409425 | 密集书库/ [索取号:E927/14] | 在馆 | |
| 5 | 0440943 | 204409434 | 密集书库/ [索取号:E927/14] | 在馆 |